[Event "31. DSenEM2019 Gruppe 65+"]
[Site "Radebeul"]
[Date "2019.04.26"]
[Round "1.73"]
[White "Ollek, Karl-Heinz"]
[Black "Dobierzin, Olaf"]
[Result "0-1"]
[BlackElo "1992"]
[BlackTeam "SG Leipzig"]
[EventDate "2019.??.??"]
[PlyCount "46"]
[WhiteElo "1626"]
[WhiteTeam "SC Friesen Lichtenberg"]

1. c4 Nf6 2. Nf3 g6 3. Nc3 Bg7 4. d4 O-O 5. e4 d6 6. Be2 Nbd7 7. O-O e5 8. Be3
Re8 9. d5 a5 10. a4 b6 11. Nd2 Nc5 12. Rb1 Bd7 13. f3 Nh5 14. b4 axb4 15. Rxb4
Nf4 16. Bxf4 exf4 17. Nb5 f5 18. Qc2 Bxb5 19. cxb5 Qf6 20. Bd3 Qc3 21. Rb3 Qxc2
22. Bxc2 Nxb3 23. Bxb3 Bc3  0-1

[Event "31. DSenEM2019 Gruppe 65+"]
[Site "Radebeul"]
[Date "2019.04.26"]
[Round "1.74"]
[White "Kempe, Rainer"]
[Black "Briesemeister, Klaus"]
[Result "1-0"]
[BlackElo "1621"]
[BlackTeam "SV Lingen"]
[EventDate "2019.??.??"]
[PlyCount "75"]
[WhiteElo "1991"]
[WhiteTeam "SV Lok Dresden"]

1. e4 d6 2. d4 Nf6 3. Nc3 g6 4. Be2 Bg7 5. Be3 b6 6. h4 c5 7. Bf3 e5 8. dxe5
dxe5 9. Qxd8+ Kxd8 10. O-O-O+ Bd7 11. Be2 a6 12. Bg5 h6 13. Bxf6+ Bxf6 14. Nd5
Be7 15. Nxb6 Ra7 16. Nf3 f6 17. Rd2 Ke8 18. Rhd1 Be6 19. Bc4 Bxc4 20. Nxc4 Rd7
21. Nd6+ Kf8 22. Rd5 Kg7 23. Nf5+ gxf5 24. Rxd7 Nxd7 25. Rxd7 Kf7 26. exf5 Ra8
27. Nd2 Ke8 28. Rb7 a5 29. Ne4 a4 30. Rb5 c4 31. Rb6 Kf7 32. Nd6+ Bxd6 33. Rxd6
h5 34. Rd7+ Kg8 35. Rc7 Ra5 36. Rxc4 e4 37. Rxe4 Rxf5 38. f3  1-0

[Event "31. DSenEM2019 Gruppe 65+"]
[Site "Radebeul"]
[Date "2019.04.26"]
[Round "1.75"]
[White "Helm, Helga"]
[Black "Kracht, Helmut"]
[Result "0-1"]
[BlackElo "1989"]
[BlackTeam "SK Kaltenkirchen"]
[EventDate "2019.??.??"]
[PlyCount "51"]
[WhiteElo "1614"]
[WhiteTeam "SV Springer Leipzig"]

1. e4 c5 2. Nf3 g6 3. d3 Bg7 4. Be2 Nc6 5. O-O Nf6 6. Nc3 O-O 7. Bd2 d6 8. Rb1
a6 9. a3 b5 10. b4 Bd7 11. Na2 Rc8 12. Bc3 Qc7 13. bxc5 dxc5 14. Re1 Rfd8 15.
Qc1 Be6 16. Rb2 a5 17. Rxb5 Bxa2 18. Rxc5 Qb6 19. d4 Nxe4 20. Rb5 Qa7 21. Qb2
Nxc3 22. Qxc3 Nxd4 23. Qxa5 Nxe2+ 24. Rxe2 Rd1+ 25. Re1 Qxa5 26. Rxa5  0-1

[Event "31. DSenEM2019 Gruppe 65+"]
[Site "Radebeul"]
[Date "2019.04.26"]
[Round "1.76"]
[White "Orlova, Liubov"]
[Black "Semisch, Helga"]
[Result "1-0"]
[BlackElo "1571"]
[BlackTeam "ESV Lok Meiningen"]
[EventDate "2019.??.??"]
[PlyCount "68"]
[WhiteElo "1988"]
[WhiteTeam "TSV IFA Chemnitz"]

1. d4 d5 2. Nf3 c6 3. e3 e6 4. c4 Bd6 5. Nc3 f5 6. Bd3 Nf6 7. Qc2 O-O 8. Ne5
Nbd7 9. f4 Nh5 10. Qf2 Nxe5 11. dxe5 Be7 12. Be2 Qe8 13. cxd5 cxd5 14. Nb5 g6
15. Nc7 Bb4+ 16. Bd2 Bxd2+ 17. Kxd2 Qa4 18. Nxa8 Qa5+ 19. Kd1 Bd7 20. Bd3 Rxa8
21. Qd2 Qb6 22. Ke2 d4 23. b3 a5 24. Rhc1 Qd8 25. g3 dxe3 26. Qxe3 Ng7 27. Qd4
Qe7 28. Rc7 Rd8 29. Qb6 Ne8 30. Rxb7 Rc8 31. Rd1 a4 32. Bc4 Rc6 33. Qa7 Nc7 34.
Rxc7 Rxc7  1-0

[Event "31. DSenEM2019 Gruppe 65+"]
[Site "Radebeul"]
[Date "2019.04.26"]
[Round "1.77"]
[White "Thonig, Manfred"]
[Black "Müller, Lutz"]
[Result "0-1"]
[BlackElo "1985"]
[BlackTeam "SC Bad Königshofen"]
[EventDate "2019.??.??"]
[PlyCount "24"]
[WhiteElo "1564"]

1. f4 Nf6 2. Nf3 g6 3. e3 Bg7 4. Be2 O-O 5. O-O d6 6. d4 c6 7. c4 Nbd7 8. Bd3 e5
9. fxe5 dxe5 10. dxe5 Ng4 11. e6 fxe6 12. e4 Qb6+  0-1

[Event "31. DSenEM2019 Gruppe 65+"]
[Site "Radebeul"]
[Date "2019.04.26"]
[Round "1.78"]
[White "Wurmb, Peter"]
[Black "Ludwig, Richard"]
[Result "1-0"]
[BlackElo "1547"]
[BlackTeam "SV Irxleben"]
[EventDate "2019.??.??"]
[PlyCount "43"]
[WhiteElo "1984"]
[WhiteTeam "SK Heidenau"]

1. d4 Nf6 2. Nf3 d5 3. c4 dxc4 4. Nc3 Nc6 5. e3 e6 6. Bxc4 Be7 7. O-O O-O 8. b3
a6 9. Bb2 b5 10. Bd3 Bb7 11. Rc1 Nb4 12. Bb1 Nbd5 13. Ne5 Rc8 14. Qe2 Nxc3 15.
Rxc3 c5 16. Rfc1 Qd5 17. f3 cxd4 18. Rxc8 Rxc8 19. Rxc8+ Bxc8 20. Bxd4 Bd6 21.
Qc2 Qb7 22. Ng4  1-0

[Event "31. DSenEM2019 Gruppe 65+"]
[Site "Radebeul"]
[Date "2019.04.26"]
[Round "1.79"]
[White "Bouma, Jan"]
[Black "Gerl, Hans"]
[Result "1-0"]
[BlackElo "1975"]
[BlackTeam "SGem Fürth"]
[EventDate "2019.??.??"]
[PlyCount "114"]
[WhiteElo "1546"]
[WhiteTeam "SF Korbach"]

1. d4 Nf6 2. c4 e6 3. Nc3 Bb4 4. Bg5 h6 5. Bh4 b6 6. a3 Bxc3+ 7. bxc3 Bb7 8. f3
d6 9. e4 Nbd7 10. Bd3 O-O 11. Ne2 c5 12. Qc2 Rc8 13. O-O Qc7 14. Kh1 cxd4 15.
cxd4 b5 16. Rfc1 bxc4 17. Qa4 Nb6 18. Qb4 Rfe8 19. Bxf6 gxf6 20. Rc3 d5 21. Ng3
Qe7 22. Qxe7 Rxe7 23. Bc2 Bc6 24. Nh5 Nd7 25. a4 Rb8 26. a5 Kf8 27. h3 Ree8 28.
Ba4 Bxa4 29. Rxa4 Ke7 30. Nf4 Kd6 31. Kh2 Rb2 32. Nh5 Rg8 33. Ng3 Rgb8 34. exd5
exd5 35. Nf5+ Kc6 36. Nxh6 Rh8 37. Ng4 f5 38. Ne3 f4 39. Nc2 Re8 40. Rb4 Rxb4
41. Nxb4+ Kd6 42. g4 Rb8 43. Nc2 Nf8 44. h4 Ne6 45. Kh3 Rb3 46. Rxb3 cxb3 47.
Na3 Nxd4 48. h5 Nxf3 49. Kg2 Ng5 50. h6 Kc5 51. Kf2 Kb4 52. Nb1 d4 53. h7 Nxh7
54. Kf3 Kxa5 55. Kxf4 Kb4 56. Ke4 a5 57. Kxd4 a4  1-0

[Event "31. DSenEM2019 Gruppe 65+"]
[Site "Radebeul"]
[Date "2019.04.26"]
[Round "1.80"]
[White "Just, Joachim"]
[Black "Ludwig, Siegfried"]
[Result "1-0"]
[BlackElo "1536"]
[BlackTeam "GSV Hemmingen"]
[EventDate "2019.??.??"]
[PlyCount "55"]
[WhiteElo "1970"]
[WhiteTeam "Motor Zeitz"]

1. Nf3 d6 2. d4 Nf6 3. g3 Nc6 4. Bg2 e5 5. dxe5 dxe5 6. Qxd8+ Kxd8 7. O-O Bd6 8.
Bg5 Bf5 9. c3 h6 10. Bxf6+ gxf6 11. Nbd2 Ke7 12. Nh4 Bd7 13. e4 Rag8 14. Nc4 f5
15. exf5 Kf6 16. Ne3 Nd8 17. Rad1 Bc6 18. Nd5+ Kg5 19. Be4 h5 20. h3 Ne6 21.
Nf3+ Kh6 22. fxe6 fxe6 23. Nf6 Rg7 24. Bxc6 bxc6 25. Ne4 Rf8 26. Kg2 Rf4 27.
Nxd6 cxd6 28. Rxd6  1-0

[Event "31. DSenEM2019 Gruppe 65+"]
[Site "Radebeul"]
[Date "2019.04.26"]
[Round "1.81"]
[White "Schroeder, Christian"]
[Black "Schumacher, Ursula"]
[Result "1-0"]
[BlackElo "1507"]
[BlackTeam "HTC Bad Neuenahr"]
[EventDate "2019.??.??"]
[PlyCount "43"]
[WhiteElo "1957"]
[WhiteTeam "HSG Uni Rostock"]

1. d4 c6 2. c4 d5 3. Nf3 Nf6 4. Nc3 e6 5. Bg5 Nbd7 6. e3 Be7 7. Bd3 a6 8. O-O
O-O 9. Qc2 Re8 10. Rad1 Qc7 11. Ne5 g6 12. f4 Kg7 13. c5 Nxe5 14. fxe5 Ng4 15.
Bf4 Qd8 16. h3 Nh6 17. Bxh6+ Kxh6 18. Rxf7 Bg5 19. Qf2 b5 20. g3 Be7 21. h4 Rf8
22. Qf4+  1-0

[Event "31. DSenEM2019 Gruppe 65+"]
[Site "Radebeul"]
[Date "2019.04.26"]
[Round "1.82"]
[White "Deak-Willimsky, Emanuela"]
[Black "Fleuch, Hans-Jürgen"]
[Result "1/2-1/2"]
[BlackElo "1956"]
[BlackTeam "SV Urmitz"]
[EventDate "2019.??.??"]
[PlyCount "109"]
[WhiteElo "1506"]
[WhiteTeam "SF Furtwangen-Vöhrenbach"]

1. c4 g6 2. Nc3 Bg7 3. d3 c6 4. Bd2 Nf6 5. h3 O-O 6. g4 e5 7. Bg2 Na6 8. e4 Nc5
9. Be3 d6 10. Nge2 b6 11. Ng3 Bb7 12. Qe2 Ne6 13. O-O Nf4 14. Bxf4 exf4 15. Nh1
Nd7 16. f3 Nc5 17. Rad1 Bd4+ 18. Nf2 Ne6 19. Kh1 Qh4 20. Nb1 Kg7 21. b3 a5 22.
Na3 Qf6 23. Nc2 Bc3 24. d4 Nxd4 25. Nxd4 Bxd4 26. Qd2 Bc5 27. Nd3 Be3 28. Qb2
Bd4 29. Qd2 Be3 30. Qb2 g5 31. Qxf6+ Kxf6 32. Rfe1 h5 33. Re2 hxg4 34. fxg4
Rfd8 35. Rf1 Ke7 36. Ne1 f6 37. Bf3 a4 38. b4 d5 39. exd5 cxd5 40. Nc2 Rab8 41.
Nxe3 fxe3 42. Rxe3+ Kf7 43. Rfe1 Rd7 44. Rd3 Rbd8 45. Red1 d4 46. Bxb7 Rxb7 47.
Rxd4 Rxd4 48. Rxd4 Ke6 49. Re4+ Kd6 50. a3 Rf7 51. Rd4+ Kc6 52. Rd5 Re7 53. Rf5
Re3 54. Rxf6+ Kc7 55. Rf7+  1/2-1/2

[Event "31. DSenEM2019 Gruppe 65+"]
[Site "Radebeul"]
[Date "2019.04.26"]
[Round "1.83"]
[White "Bondick, Karl-Heinz"]
[Black "Girod, Gudrun"]
[Result "1-0"]
[BlackElo "1487"]
[BlackTeam "Hannover 96"]
[EventDate "2019.??.??"]
[PlyCount "39"]
[WhiteElo "1948"]
[WhiteTeam "USC Magdeburg"]

1. d4 d5 2. e4 dxe4 3. Nc3 Nf6 4. f3 exf3 5. Nxf3 e6 6. Bg5 Be7 7. Bd3 h6 8. Be3
c6 9. Qe2 O-O 10. O-O-O Nbd7 11. Ne5 Bb4 12. Bd2 Bxc3 13. Bxc3 a5 14. g4 Nb6
15. h4 Nbd5 16. Bd2 Nb4 17. g5 Nxd3+ 18. Qxd3 Qd5 19. gxf6 Qxa2 20. Bxh6  1-0

[Event "31. DSenEM2019 Gruppe 65+"]
[Site "Radebeul"]
[Date "2019.04.26"]
[Round "1.84"]
[White "Geibel, Henning"]
[Black "Türtmann, Dieter"]
[Result "0-1"]
[BlackElo "1947"]
[BlackTeam "ESV Eberswalde"]
[EventDate "2019.??.??"]
[PlyCount "86"]
[WhiteElo "1392"]
[WhiteTeam "SV Bargteheide"]

1. e4 c5 2. Bc4 e6 3. Nf3 a6 4. a4 d6 5. O-O Be7 6. d4 cxd4 7. Nxd4 Nf6 8. Re1
O-O 9. Nc3 Qc7 10. Bd3 Nbd7 11. Bg5 Ne5 12. Bxf6 Bxf6 13. Nf3 Ng6 14. Ne2 Bxb2
15. Rb1 Bf6 16. c4 Bd7 17. Qb3 Bc6 18. Ned4 Rfb8 19. Nxc6 bxc6 20. Qc2 c5 21.
h3 Rb4 22. Rxb4 cxb4 23. Rb1 a5 24. Rb3 Rc8 25. Nh2 Qc6 26. Ng4 Bd4 27. Qe2 Nf4
28. Qf3 Nxd3 29. Qxd3 Qxc4 30. Qg3 Be5 31. Nxe5 dxe5 32. Re3 Qd4 33. Qf3 Rc1+
34. Kh2 Rc3 35. Qe2 Rxe3 36. fxe3 Qxe4 37. Qb5 Qa8 38. Qxe5 h6 39. Qb5 Qd8 40.
Kg3 g6 41. e4 Qg5+ 42. Kf3 Qxb5 43. axb5 b3  0-1

[Event "31. DSenEM2019 Gruppe 65+"]
[Site "Radebeul"]
[Date "2019.04.26"]
[Round "1.85"]
[White "Strehlow, Horst"]
[Black "Schleicher, Winfried"]
[Result "1-0"]
[BlackElo "1352"]
[BlackTeam "Lüneschach"]
[EventDate "2019.??.??"]
[PlyCount "113"]
[WhiteElo "1946"]

1. e4 d6 2. d4 Nf6 3. Nc3 g6 4. f4 Bg7 5. Nf3 Bg4 6. h3 Bxf3 7. Qxf3 c6 8. Be3
O-O 9. O-O-O Nbd7 10. e5 Ne8 11. Bc4 Nb6 12. Bb3 d5 13. g4 f6 14. Qg3 f5 15. g5
h6 16. gxh6 Bxh6 17. Qxg6+ Bg7 18. Rhg1 e6 19. Qxe6+ Rf7 20. Qg6 Qh4 21. Rg3
Qh7 22. Rdg1 Qxg6 23. Rxg6 Kh7 24. Ne2 Nd7 25. e6 Nf8 26. exf7 Nxg6 27. fxe8=Q
Rxe8 28. Kd2 b6 29. c3 a6 30. Bc2 Nh4 31. Rg3 Rf8 32. Ng1 Rg8 33. Nf3 Nxf3+ 34.
Rxf3 Kg6 35. Rg3+ Kf6 36. Rg5 Rh8 37. Rxf5+ Ke6 38. Rg5 Kf6 39. Bf5 Ke7 40. Rg2
Rh5 41. Bg4 Rh8 42. Re2 Kd6 43. Bf2 Kc7 44. Re6 Rf8 45. Bg3 b5 46. Kd3 Kb6 47.
b4 a5 48. bxa5+ Kc7 49. f5+ Kb7 50. a6+ Kxa6 51. Rxc6+ Kb7 52. Rc5 Re8 53. Rxd5
Bh8 54. Rxb5+ Kc6 55. Re5 Rd8 56. c4 Bf6 57. Re6+  1-0

[Event "31. DSenEM2019 Gruppe 65+"]
[Site "Radebeul"]
[Date "2019.04.26"]
[Round "1.86"]
[White "Walther, Renate"]
[Black "Waltenberger, Udo"]
[Result "0-1"]
[BlackElo "1944"]
[BlackTeam "SV Eiche Reichenbrand"]
[EventDate "2019.??.??"]
[PlyCount "80"]
[WhiteElo "1127"]
[WhiteTeam "SK Herzogenaurach"]

1. e4 c5 2. Nf3 Nc6 3. d4 cxd4 4. Nxd4 g6 5. Be3 Nf6 6. Bd3 Bg7 7. Nxc6 dxc6 8.
Nc3 Ng4 9. Qd2 Nxe3 10. fxe3 Qa5 11. O-O O-O 12. a3 Bxc3 13. Qxc3 Qxc3 14. bxc3
Be6 15. Rab1 b6 16. c4 f6 17. a4 Rab8 18. Ra1 Rfd8 19. e5 fxe5 20. Rf2 c5 21.
h3 Rf8 22. Raf1 e4 23. Be2 Rxf2 24. Rxf2 Rf8 25. g4 g5 26. Kg2 Bd7 27. h4 h6
28. Kg3 Rxf2 29. Kxf2 Bxa4 30. hxg5 hxg5 31. c3 Kf7 32. Ke1 Ke6 33. Kd2 Ke5 34.
Kc1 a6 35. Kb2 Kd6 36. Ka3 Bc2 37. Kb2 Bd3 38. Bxd3 exd3 39. Kc1 Ke5 40. Kd2
Ke4  0-1